| 000 | 00512nam a2200169 i 4500 | ||
|---|---|---|---|
| 001 | 42199 | ||
| 003 | ES-MaACL | ||
| 005 | 20230906160551.0 | ||
| 007 | t| | ||
| 008 | 030312s1885 sp ||||1| spa d | ||
| 100 | 1 |
_aCastellvi, Agustín. _936605 |
|
| 245 | 1 | 0 |
_aFreno para los caminos de hierro / _cinventado por Agustín Castellvi. |
| 260 |
_aMadrid : _b[s.n.], _c1885 ( _fImpr. y est. de El Liberal) |
||
| 300 |
_a87 p. ; _c23 cm. |
||
| 650 | 4 |
_aFerrocarriles- _xFrenos. _9155723 |
|
| 852 |
_aES-MaACL _jT-519-F-1 |
||
| 999 |
_c42199 _d42199 |
||